| 000 | 00597nam a22001697a 4500 | ||
|---|---|---|---|
| 005 | 20240119100632.0 | ||
| 008 | 240119b |||||||| |||| 00| 0 eng d | ||
| 020 | _a0409003301 ; 040900376 x | ||
| 041 | _aEnglish | ||
| 082 | _a349 JOU | ||
| 100 |
_aJoubert, WA and Scott, TJ _lEnglish |
||
| 245 |
_aThe Law of South Africa : Railways and Harbours to Roads and Road Transport / _cWA Joubert and TJ Scott |
||
| 260 |
_aDurban : _bButterworth Publishers (Pty) Ltd, _c1986 |
||
| 300 |
_b384 pages ; _e26 cm. |
||
| 650 |
_aLegal practice _bLaw |
||
| 942 |
_cBK _6ALISON_BN_VRIES |
||
| 999 |
_c1259 _d1259 |
||